Huszonkét kiselsős Kassán

Bibliographic Details
Main Author: Tóth, Mónika (Author)
Format: Article
Language:Hungarian
PhysicalDescription:Fotogr.
Subjects:

MARC

LEADER 00000nab a2200000 a 4500
001 vtls010580144
003 SK-MaSNL
005 20260319071107.0
008 140304|2014 xo m| | |00 0|hun
038 |a KEVKJB 
040 |a KEVKJB  |b slo  |c KEVKJB  |e AACR2 
041 0 |a hun 
044 |a xo  |c SK 
080 |a 373.54:373.3  |2 2001 
100 1 |a Tóth, Mónika  |4 aut  |9 1083008 
245 1 0 |a Huszonkét kiselsős Kassán  |c Tóth Mónika 
300 |b Fotogr. 
610 2 7 |a Gymnázium a Základná škola Sándora Máraiho s vyučovacím jazykom maďarským (Košice, Slovensko)  |2 kevkjb  |9 872517 
650 0 7 |a zápis prvákov  |2 kevkjb  |9 1024514 
651 7 |a Košice (Slovensko)  |2 kevkjb  |9 18694 
773 0 |t Kassai Figyelő  |g Évf. XII, sz. 2 (2014), o. 5 
852 |a KEVKJB  |b KIS3GCP 
958 |a HU 
958 |a NM 
999 |c 1797305  |d 1799235